000 00493nam a2200169Ia 4500
008 240729s9999 xx 000 0 und d
022 _a2716-5191
245 0 _aIndonesian Journal of Social Research
260 _aIndonesia
260 _bUniversitas Djuanda
650 _a Social sciences (General) | Social Sciences
650 _a Sociology (General)
650 _aSocial Sciences
856 _uhttps://doaj.org/toc/6cd1f27a0cb74e7c95fd6b62fd8f079d
942 _2ddc
942 _cDOAJEJ
999 _c70087
_d70087
945 _a1
_bMadushi Gamage
_c1
_dMadushi Gamage